Statistics for Top 16 kids shows

Click here to take the quiz!

General Stats

  • This quiz has been taken 157 times
  • The average score is 8 of 16

Answer Stats

HintAnswer% Correct
"Who is a sponge that lives under the sea"Spongebob
96%
It has Elmo, Cookie Monster and Grover.Sesame Street
89%
A monkey that follows a man in a yellow hat around.Curious George
86%
It has mickey and his friends in a clubhouse.Mickey Mouse Clubhouse.
82%
It has dogs and that help people in there townPaw patrol
61%
It has Robin, Beast boy, Raven, Cyborg and StarfireTeen Titans Go
61%
PIGSPeppa pig
57%
They live in SpringfieldThe Simpsons

57%
A young girl who fixes broken toysDoc Mcstuffins
54%
It has tigersDaniel Tiger's Neighborhood
34%
A group of kids go into stories and learn about themSuper Why
32%
They explore ocean lifeOctonauts
30%
It starts with a P and is based off real animals.Pokemon
18%
a British-American animated sitcom created by Ben Bocquelet for Cartoon Network.Gumball
16%
In each episode of this Netflix series, the titular cartoon guide-bots answer a question posed by a real kid. Live action and cartoons are intercut with joyously non sequitur song breaks, and each episode features a guest star like Snoop Dogg or Tony Hale Storybots
16%
A cast of animated insects in an overgrown suburban lawn embark on adventures retrofitted to the lyrics of Beatles songsBeatbugs
13%

Score Distribution

Percentile by Number Answered

Percent of People with Each Score

Your Score History

You have not taken this quiz